হিউয়েন সাঙের দৃষ্টিতে বৌদ্ধভারত (সি-ইউ-কি-এর বঙ্গানুবাদ) / (Record no. 102107)
[ view plain ]
| 000 -LEADER | |
|---|---|
| fixed length control field | 00660nam a22001697a 4500 |
| 003 - CONTROL NUMBER IDENTIFIER | |
| control field | BD-DhUL |
| 005 - DATE AND TIME OF LATEST TRANSACTION | |
| control field | 20160829100528.0 |
| 008 - FIXED-LENGTH DATA ELEMENTS--GENERAL INFORMATION | |
| fixed length control field | 160829b xxu||||| |||| 00| 0 eng d |
| 040 ## - CATALOGING SOURCE | |
| Transcribing agency | BD-DhUL |
| 082 ## - DEWEY DECIMAL CLASSIFICATION NUMBER | |
| Classification number | 915.401 |
| Item number | BAH |
| 100 ## - MAIN ENTRY--PERSONAL NAME | |
| Personal name | ঘোষ, বারিদবরণ |
| 245 ## - TITLE STATEMENT | |
| Title | হিউয়েন সাঙের দৃষ্টিতে বৌদ্ধভারত (সি-ইউ-কি-এর বঙ্গানুবাদ) / |
| Statement of responsibility, etc. | বারিদবরণ ঘোষ |
| 260 ## - PUBLICATION, DISTRIBUTION, ETC. (IMPRINT) | |
| Place of publication, distribution, etc. | কলকাতা : |
| Name of publisher, distributor, etc. | শরৎ, |
| Date of publication, distribution, etc. | ১৯৯৮ |
| 300 ## - PHYSICAL DESCRIPTION | |
| Extent | ১৬৯ পৃ. ; |
| Dimensions | ২২ সেমি. |
| 650 ## - SUBJECT ADDED ENTRY--TOPICAL TERM | |
| Topical term or geographic name as entry element | ইতিহাস |
| Form subdivision | History |
| 942 ## - ADDED ENTRY ELEMENTS (KOHA) | |
| Source of classification or shelving scheme | |
| Koha item type | Books |
| Price effective from | Date last seen | Permanent Location | Not for loan | Date acquired | Source of classification or shelving scheme | Koha item type | Lost status | Withdrawn status | Copy number | Source of acquisition | Collection code | Damaged status | Shelving location | Barcode | Current Location | Full call number |
|---|---|---|---|---|---|---|---|---|---|---|---|---|---|---|---|---|
| 2016-08-29 | 2016-08-29 | Dhaka University Library | 2016-08-29 | Books | 2 | Purchased | Non Fiction | General Stacks | 335468 | Dhaka University Library | 915.401 BAH | |||||
| 2016-08-29 | 2016-08-29 | Dhaka University Library | 2016-08-29 | Books | 1 | Purchased | Non Fiction | General Stacks | 335467 | Dhaka University Library | 915.401 BAH |
